000 00461nam a22001577a 4500
005 20251108171207.0
008 250721s1992 xx 000 0 ara d
082 1 4 _a155.633/انز
100 1 _aحرب، طلال
245 1 0 _aالمرأة الأنثى /
264 1 _aبيروت :
_bالموسسة الجامعية للدراسات والنشر،
_c1992.
300 _a238ص
650 1 7 _aالمراة -علم نفس
942 _2ddc
_cBK
999 _c59017
_d59017